ARRUPE JESUIT UNIVERSITY

CORONAVIRUS -STOP THE SPREAD - CLEAN,DISINFECT,COVER

Kariba studies vol ii, (Record no. 131681)

MARC details
000 -LEADER
fixed length control field 00396nam a22001217a 4500
008 - FIXED-LENGTH DATA ELEMENTS--GENERAL INFORMATION
fixed length control field 230316b |||||||| |||| 00| 0 eng d
050 ## - LIBRARY OF CONGRESS CALL NUMBER
Classification number GN474.S3 1975
100 ## - MAIN ENTRY--PERSONAL NAME
Personal name Scudder,Thayer
9 (RLIN) 30239
245 ## - TITLE STATEMENT
Title Kariba studies vol ii,
Remainder of title the ecology of the Gwembe Tonga,
Statement of responsibility, etc Thayer, Scudder
260 ## - PUBLICATION, DISTRIBUTION, ETC. (IMPRINT)
Place of publication, distribution, etc New York:
Name of publisher, distributor, etc Manchester University Press
Date of publication, distribution, etc 1975.
300 ## - PHYSICAL DESCRIPTION
Extent xxi,
Other physical details 274p;
Dimensions 22cm.
942 ## - ADDED ENTRY ELEMENTS (KOHA)
Source of classification or shelving scheme Library of Congress Classification
Item type Monograph ( Printed materials)
Holdings
Withdrawn status Lost status Source of classification or shelving scheme Damaged status Not for loan Home library Current library Shelving location Date acquired Total Checkouts Full call number Barcode Date last seen Price effective from Koha item type
    Library of Congress Classification     ARRUPE LIBRARY ARRUPE LIBRARY Main Collection 16/03/2023   GN474.S3 1975 46600007851 16/03/2023 16/03/2023 Monograph ( Printed materials)

 

Arrupe Library. PO Box MP320 Mt Pleasant, Harare, Zimbabwe
263 242 745411|librarian@aju.ac.zw